|
|
|
|
| LEADER |
00000cam a22000004a 4500 |
| 001 |
musev2_25543 |
| 003 |
MdBmJHUP |
| 005 |
20230905042722.0 |
| 006 |
m o d |
| 007 |
cr||||||||nn|n |
| 008 |
100326s2008 cau o 00 0 eng d |
| 010 |
|
|
|z 2021696917
|
| 020 |
|
|
|a 9780520933774
|
| 020 |
|
|
|z 9780520251205
|
| 035 |
|
|
|a (OCoLC)574146127
|
| 040 |
|
|
|a MdBmJHUP
|c MdBmJHUP
|
| 245 |
0 |
0 |
|a Homo erectus :
|b Pleistocene Evidence from the Middle Awash, Ethiopia /
|c edited by W. Henry Gilbert and Berhane Asfaw.
|
| 264 |
|
1 |
|a Berkeley :
|b University of California Press,
|c 2008.
|
| 264 |
|
3 |
|a Baltimore, Md. :
|b Project MUSE,
|c 2014
|
| 264 |
|
4 |
|c ©2008.
|
| 300 |
|
|
|a 1 online resource (480 pages):
|b illustrations, maps
|
| 336 |
|
|
|a text
|b txt
|2 rdacontent
|
| 337 |
|
|
|a computer
|b c
|2 rdamedia
|
| 338 |
|
|
|a online resource
|b cr
|2 rdacarrier
|
| 490 |
0 |
|
|a The Middle Awash series
|
| 505 |
0 |
0 |
|t Geology and geochronology /
|r Giday WoldeGabriel [and others] --
|t Bovidae /
|r W. Henry Gilbert --
|t Carnivora /
|r W. Henry Gilbert, Nuria García, and F. Clark Howell --
|t Cercopithecidae /
|r W. Henry Gilbert and Steve Frost --
|t Equidae /
|r W. Henry Gilbert and Raymond L. Bernor --
|t Giraffidae /
|r W. Henry Gilbert --
|t Hippopotamidae /
|r Jean-Renaud Boisserie and W. Henry Gilbert --
|t Elephantidae /
|r Haruo Saegusa and W. Henry Gilbert --
|t Rhinocerotidae /
|r W. Henry Gilbert --
|t Suidae /
|r W. Henry Gilbert --
|t Rare taxa /
|r W. Henry Gilbert and Thomas Stidham --
|t Homo erectus cranial anatomy /
|r Berhane Asfaw, W. Henry Gilbert, and Gary D. Richards --
|t Tomographic analysis of the Daka calvaria /
|r W. Henry Gilbert [and others] --
|t Hominid systematics /
|r W. Henry Gilbert --
|t Daka Member hominid postcranial remains /
|r W. Henry Gilbert --
|t Ecological and biogeographic context of the Daka Member /
|r W. Henry Gilbert --
|t Conclusions : evolutionary insights from the Daka Member /
|r W. Henry Gilbert.
|
| 520 |
|
|
|a This volume, the first in a series devoted to the paleoanthropological resources of the Middle Awash Valley of Ethiopia, studies Homo erectus, a close relative of Homo sapiens. Written by a team of highly regarded scholars, this book provides the first detailed descriptions, photographs, and analysis of the fossil vertebrates-from elephants and hyenas to humans-from the Daka Member of the Bouri Formation of the Afar, a place renowned for an abundant and lengthy record of human ancestors. These fossils contribute to our understanding human evolution, and the associated fauna provide new informa.
|
| 588 |
|
|
|a Description based on print version record.
|
| 650 |
|
7 |
|a Pleistocene Geologic Epoch.
|2 fast
|0 (OCoLC)fst01353983
|
| 650 |
|
7 |
|a Paleontology.
|2 fast
|0 (OCoLC)fst01051513
|
| 650 |
|
7 |
|a Human remains (Archaeology)
|2 fast
|0 (OCoLC)fst00963213
|
| 650 |
|
7 |
|a Homo erectus.
|2 fast
|0 (OCoLC)fst00959705
|
| 650 |
|
7 |
|a Geology, Stratigraphic.
|2 fast
|0 (OCoLC)fst00940727
|
| 650 |
|
7 |
|a Excavations (Archaeology)
|2 fast
|0 (OCoLC)fst00917564
|
| 650 |
|
7 |
|a Antiquities.
|2 fast
|0 (OCoLC)fst00810745
|
| 650 |
|
7 |
|a SOCIAL SCIENCE
|x Anthropology
|x Physical.
|2 bisacsh
|
| 650 |
|
7 |
|a NATURE
|x Fossils.
|2 bisacsh
|
| 650 |
|
6 |
|a Restes humains (Archeologie)
|z Éthiopie
|z Moyen-Awash (Site archeologique)
|
| 650 |
|
6 |
|a Fouilles (Archeologie)
|z Éthiopie
|z Moyen-Awash (Site archeologique)
|
| 650 |
|
6 |
|a Paleontologie
|y Pleistocene.
|
| 650 |
|
6 |
|a Stratigraphie
|y Pleistocene.
|
| 650 |
|
6 |
|a Homo erectus
|z Éthiopie
|z Moyen-Awash (Site archeologique)
|
| 650 |
|
0 |
|a Human remains (Archaeology)
|z Ethiopia
|z Middle Awash.
|
| 650 |
|
0 |
|a Excavations (Archaeology)
|z Ethiopia
|z Middle Awash.
|
| 650 |
|
0 |
|a Paleontology
|y Pleistocene.
|
| 650 |
|
0 |
|a Geology, Stratigraphic
|y Pleistocene.
|
| 650 |
|
0 |
|a Homo erectus
|z Ethiopia
|z Middle Awash.
|
| 651 |
|
7 |
|a Ethiopia
|z Middle Awash.
|2 fast
|0 (OCoLC)fst01271300
|
| 651 |
|
0 |
|a Middle Awash (Ethiopia)
|x Antiquities.
|
| 655 |
|
7 |
|a Electronic books.
|2 local
|
| 700 |
1 |
|
|a Asfaw, Berhane.
|
| 700 |
1 |
|
|a Gilbert, W. Henry,
|d 1970-
|
| 710 |
2 |
|
|a Project Muse.
|e distributor
|
| 830 |
|
0 |
|a Book collections on Project MUSE.
|
| 856 |
4 |
0 |
|z Texto completo
|u https://projectmuse.uam.elogim.com/book/25543/
|
| 945 |
|
|
|a Project MUSE - Custom Collection
|
| 945 |
|
|
|a Project MUSE - Archive Complete Supplement II
|
| 945 |
|
|
|a Project MUSE - Archive Archaeology and Anthropology Supplement II
|